Tefekkür yakınlıkları (Record no. 10229)

MARC details
000 -BAŞLIK
Sabit Uzunlukta Kontrol Alanı 01067na a2200325 4500
001 - KONTROL NUMARASI
Denetim Alanı 12631
003 - KONTROL NUMARASI IDENTIFIER
Denetim Alanı MIRAKIL
005 - SON İŞLEM TARİHİ VE ZAMANI
Denetim Alanı 20181213155312.0
008 - SABİT-BOY VERİ ELEMANLARI - GENEL BİLGİLER
Sabit Uzunlukta Kontrol Alanı 160824b tu 000 0
020 ## - ULUSLARARASI STANDART KİTAP NUMARASI
Uluslararası Standart Kitap Numarası 9786053992721
035 ## - SİSTEM KONTROL NUMARASI
Sistem Kontrol Numarası 12631
040 ## - KATALOGLAMA KAYNAK
Orijinal Kataloglama Ajansı Milas
Kataloglama Dili tur
Metne Dönüştürmek Ajansı TR-AnCHP
082 ## - DEWEY ONLU SINIFLANDIRMA NUMARASI
Sınıflandırma Numarası 150.195
Ürün Numarası J67t 2013
090 ## - SINIFLAMA NUMARASI
Sınıflama Numarası 150.195 J67t 2013
100 ## - ANA GİRİŞ - KİŞİSEL İSİM
Kişisel Ad Joannidis, Chris
245 ## - BAŞLIK TABLOSU
Başlık Tefekkür yakınlıkları
Sorumluluk Tablosu, Vb Chris Joannidis ; editör Melis Tanık Sivri ; Yayına hazırlayan H. Pınar Mutlu.
260 ## - YAYIN, DAĞITIM, VB
Yayın, Dağıtım, Vb Yeri İstanbul
Yayıncı, Dağıtıcı, Vs Adı İstanbul Bilgi Üniversitesi Yayınları
Yayın, Dağıtım, Vb Tarihi 2013
300 ## - FİZİKSEL TANIM
Kapsam vi, 216 s.
Boyutlar 23 sm.
490 ## - SERİSİ TABLOSU
Seri Beyanı Psike İstanbul Psikanaliz Kitaplığı Şimdi ve Burada
Hacim / Ardışık Tanımı 3
490 ## - SERİSİ TABLOSU
Seri Beyanı İstanbul Bilgi Üniversitesi yayınları
Hacim / Ardışık Tanımı 418
504 ## - KAYNAKÇA VB NOT
Kaynakça Vb Notu Kaynakça ve dizin var.
650 ## - KONU KATMA GİRİŞ - TOPİKAL DÖNEM
Topikal Süreli Veya Coğrafi Ad Giriş Elemanı Psikoterapist ve hastalar
650 ## - KONU KATMA GİRİŞ - TOPİKAL DÖNEM
Topikal Süreli Veya Coğrafi Ad Giriş Elemanı Psikanaliz ve kültür
650 ## - KONU KATMA GİRİŞ - TOPİKAL DÖNEM
Topikal Süreli Veya Coğrafi Ad Giriş Elemanı Bağımlılık (Psikoloji)
650 ## - KONU KATMA GİRİŞ - TOPİKAL DÖNEM
Topikal Süreli Veya Coğrafi Ad Giriş Elemanı Çatışma (Psikoloji)
650 ## - KONU KATMA GİRİŞ - TOPİKAL DÖNEM
Topikal Süreli Veya Coğrafi Ad Giriş Elemanı Psikanaliz
700 ## - KATMA GİRİŞ - KİŞİSEL İSİM
Kişisel Ad Mutlu, H. Pınar
700 ## - KATMA GİRİŞ - KİŞİSEL İSİM
Kişisel Ad Sivri, Melis Tanık
942 ## - EKLENDİ GİRİŞ ELEMANLARI (KOHA)
Sınıflandırma Veya Raf Düzeni Kaynak Dewey Decimal Classification
Koha Öğesi Türü Books
999 ## - SİSTEM KONTROL NUMARALARI (KOHA)
Koha Biblionumber 10229
Koha Biblioitemnumber 10229
Holdings
Kalıcı Konum Mevcut Konum Edinme Tarihi Edinim Kaynak Toplam Check-Out'Lar Tam Çağrı Numarası Barkod Tarih Son Görülme İtibaren Geçerli Fiyatlar Koha Öğesi Türü
CHP Kütüphanesi CHP Kütüphanesi 07/29/2016 Bağış   150.195 J67t 2013 000163 07/29/2016 07/29/2016 Books